000
00327nam a2200145Ia 4500
100
_a
Dara/S.S
650
_a
Chemistry
942
_c
BK
654
_a
chemistry
245
_a
Exp. and cal. in Engineering Chemistry
260
_b
S.Chand and Co.
_a
New Delhi
_c
1985
082
_a
540.2
_b
DAR
300
_a
183
546
_a
ENGLISH
999
_c
30784
_d
30784